000 00338nam a2200109Ia 4500
008 171211s9999 xx 000 0 und d
245 _aAnatomy for Sculptors, Understanding the Human Figure
245 _cSandis Kondrats and Uldis Zarins
260 _c2014
650 _xDrawing
856 _uhttp://down.ebook777.com/001/978-0990341109.pdf
999 _c348060
_d348060